| 000 | 01277nam a2200265Ia 4500 | ||
|---|---|---|---|
| 999 |
_c55573 _d55573 |
||
| 001 | 22655 | ||
| 003 | GE_BSU | ||
| 005 | 20230216105708.0 | ||
| 008 | 181216s2016||||ge |||||||||||||| ||geo|| | ||
| 020 | _a 9789941090370 | ||
| 040 | _cGE_BSU | ||
| 041 | _ageo | ||
| 080 | _a341 გ-13 | ||
| 100 |
_aგაბუნია, დავით _916929 |
||
| 245 |
_aსაერთაშორისო საავტორო სამართალი : _bწ.1. ბერნის კონვენცია, რომის კონვენცია, TRIPS შეთანხმება. ანალიზი და კომენტარები / _cდავით გაბუნია, გიორგი თაქთაქიშვილი. |
||
| 250 | _aმე-2 გამოცემა. | ||
| 264 |
_aთბილისი : _b საქპატენტი, _c2016. |
||
| 300 |
_a311 გვ.; _b23 სმ. |
||
| 501 | _aდანართი ინგლ. ენაზე გვ: 261-309 | ||
| 504 | _aბიბლიოგრ.: გვ. 310. | ||
| 541 | _h20ლ. | ||
| 653 | _aსაავტორო სამართალი | ||
| 700 |
_aთაქთაქიშვილი, გიორგი _eავტორი _916930 |
||
| 942 |
_cBK _2udc |
||